000 01057nam a22002177a 4500
003 OSt
005 20170502112631.0
008 150407b xxu||||| |||| 00| 0 eng d
040 _cCRI
082 _a372.358
100 _941145
_aRivas Cantor, Juan Carlos
245 1 0 _aPlataforma E_learning y aula de apoyo al aprendizaje virtual en la disciplina de matemática del instituto nacional de la colonia Santa Lucía
_b: Proyecto
_cJuan Carlos Rivas Cantor, Luis Roberto Abrego Suria, Santos Ismael Belloso Miranda
260 _aIlobasco (Cabañas)
_bUniversidad Católica de El Salvador
_c2012
300 _a192 p.
_c27 cm
_e+ 1 disco compacto
502 _aTrabajo de graduación para optar al grado académico de Licenciado/a en Ciencias de la Educación Especialidad en Matemática
650 0 _97367
_aInternet en la enseñanza
700 _941146
_aAbrego Suria, Luis Roberto
700 _941147
_aBelloso Miranda, Santos Ismael
710 _940915
_aUniversidad Católica de El Salvador
_bCentro Regional de Ilobasco
942 _2ddc
_cTG
_hprozim
999 _c27622
_d27622